[Event "Titled Tuesday intern op 19th Apr Late"]
[Site "Chess.com INT"]
[Date "2022.04.19"]
[Round "2"]
[White "Solleveld, Maarten"]
[Black "Karttunen, Mika"]
[Result "0-1"]
[WhiteElo "2495"]
[BlackElo "2489"]
[PlyCount "96"]
[EventDate "2022.04.19"]
[EventType "swiss (blitz)"]
[EventRounds "11"]
[EventCountry "USA"]
[SourceTitle "EXT 2023"]
[Source "ChessBase"]
[SourceDate "2022.10.05"]
[SourceVersion "1"]
[SourceVersionDate "2022.10.05"]
[SourceQuality "1"]

1. e4 c5 2. Nf3 d6 3. d4 cxd4 4. Nxd4 Nf6 5. Nc3 a6 6. a4 e5 7. Nf5 h6 8. Ne3 Nc6 9. Bc4 Be6 10. Ned5 Rc8 11. Be3 Be7 12. Nxf6+ Bxf6 13. Bxe6 fxe6 14. Qh5+ Kf8 15. 0-0 Qe8 16. Qh3 g5 17. Rad1 Nd4 18. f4 gxf4 19. Bxd4 exd4 20. Rxf4 Ke7 21. Rdf1 Bg5 22. Ne2 Bxf4 23. Nxf4 Qg8 24. Qb3 Rc7 25. Qb6 Kd7 26. Qxd4 e5 27. Qd3 exf4 28. Rxf4 Kc8 29. c3 Qe6 30. Qd4 Qe5 31. Qf2 Re8 32. h3 Kb8 33. Qh4 Qg5 34. Qf2 Rg7 35. Rg4 Qe7 36. Rf4 Reg8 37. Kf1 Rxg2 38. Qxg2 Rxg2 39. Kxg2 Qg5+ 40. Kf3 h5 41. h4 Qg1 42. Ke2 Qg2+ 43. Kd3 Qxb2 44. Rf5 Qb1+ 45. Ke3 Qd1 46. Rd5 Qe1+ 47. Kd3 Qxh4 48. Rxd6 Qg3+ 0-1

[Event "Neckar op-A 17th"]
[Site "Deizisau"]
[Date "2013.04.01"]
[Round "9"]
[White "Neuman, Petr"]
[Black "Solleveld, Maarten"]
[Result "1-0"]
[WhiteElo "2465"]
[BlackElo "2519"]
[PlyCount "85"]
[EventDate "2013.03.28"]
[EventType "swiss"]
[EventRounds "9"]
[EventCountry "GER"]
[SourceTitle "CBM 153 Extra"]
[Source "ChessBase"]
[SourceDate "2013.04.22"]
[SourceVersion "1"]
[SourceVersionDate "2013.04.22"]
[SourceQuality "1"]

1. e4 e5 2. Nf3 Nc6 3. c3 d5 4. d3 Nf6 5. Nbd2 a5 6. Be2 Bc5 7. 0-0 0-0 8. b3 Re8 9. Bb2 Ba7 10. a3 dxe4 11. dxe4 Nh5 12. b4 Nf4 13. b5 Nb8 14. c4 Bg4 15. h3 Bh5 16. Kh2 f6 17. g3 Nd3 18. Qc2 Nxb2 19. c5 Qe7 20. Rfc1 Nd7 21. c6 bxc6 22. bxc6 Nf8 23. Kg2 Rab8 24. Ra2 Bxf3+ 25. Nxf3 Bd4 26. Nxd4 exd4 27. Rxb2 Rxb2 28. Qxb2 Qxe4+ 29. Bf3 Qe5 30. Qb3+ Ne6 31. Qd5 Kf8 32. Rb1 Ng5 33. Rb5 a4 34. Bd1 Ne4 35. Qc4 Qe6 36. Qb4+ Nd6 37. Bf3 Qe1 38. Rb8 Qc3 39. Rxe8+ Kxe8 40. Qb8+ Ke7 41. Qxc7+ Ke6 42. Qd7+ Ke5 43. Qe7+ 1-0

[Event "Neckar op-A 17th"]
[Site "Deizisau"]
[Date "2013.03.31"]
[Round "6"]
[White "Solleveld, Maarten"]
[Black "Dann, Matthias"]
[Result "1/2-1/2"]
[WhiteElo "2519"]
[BlackElo "2432"]
[PlyCount "40"]
[EventDate "2013.03.28"]
[EventType "swiss"]
[EventRounds "9"]
[EventCountry "GER"]
[SourceTitle "CBM 153 Extra"]
[Source "ChessBase"]
[SourceDate "2013.04.22"]
[SourceVersion "1"]
[SourceVersionDate "2013.04.22"]
[SourceQuality "1"]

1. c4 g6 2. d4 Nf6 3. Nc3 Bg7 4. e4 0-0 5. Bd3 d6 6. Nge2 c6 7. 0-0 a6 8. Be3 e5 9. h3 Nbd7 10. d5 cxd5 11. cxd5 b5 12. Ng3 Nc5 13. Bc2 b4 14. Na4 Nfd7 15. Nxc5 Nxc5 16. a3 Rb8 17. Qd2 a5 18. Rad1 Ba6 19. Rfe1 Qd7 20. b3 a4 1/2-1/2

[Event "NED-chT 1213"]
[Site "Netherlands"]
[Date "2013.02.16"]
[Round "6.5"]
[White "Geurink, Jasper"]
[Black "Solleveld, Maarten"]
[Result "0-1"]
[WhiteElo "2331"]
[BlackElo "2518"]
[PlyCount "66"]
[EventDate "2012.09.15"]
[EventType "team-tourn"]
[EventRounds "9"]
[EventCountry "NED"]
[SourceTitle "EXT 2014"]
[Source "ChessBase"]
[SourceDate "2013.11.20"]
[SourceVersion "1"]
[SourceVersionDate "2013.11.20"]
[SourceQuality "1"]
[WhiteTeam "Groningen"]
[BlackTeam "Apeldoorn"]
[WhiteTeamCountry "NED"]
[BlackTeamCountry "NED"]

1. e4 e5 2. Nf3 Nc6 3. Nc3 Nf6 4. g3 Bc5 5. Bg2 d6 6. d3 a6 7. Be3 Bxe3 8. fxe3 0-0 9. 0-0 Ne7 10. Nh4 Ng4 11. Qd2 Nh6 12. a4 a5 13. Nd5 Nxd5 14. exd5 f5 15. Nf3 Bd7 16. e4 c6 17. dxc6 Bxc6 18. Kh1 fxe4 19. dxe4 Bxe4 20. c3 Nf7 21. Qe3 Bc6 22. c4 Qc7 23. b3 Rad8 24. Rac1 b6 25. Kg1 Qb7 26. Rc2 Nh6 27. Ng5 Rxf1+ 28. Bxf1 Nf5 29. Qd3 e4 30. Qc3 Qe7 31. Nh3 Qe5 32. Qxe5 dxe5 33. c5 Rd1 0-1

[Event "NED-chT 1112"]
[Site "Netherlands"]
[Date "2012.03.31"]
[Round "8.2"]
[White "Solleveld, Maarten"]
[Black "Van der Werf, Mark"]
[Result "1-0"]
[WhiteElo "2502"]
[BlackElo "2441"]
[PlyCount "73"]
[EventDate "2011.09.17"]
[EventType "team-tourn"]
[EventRounds "9"]
[EventCountry "NED"]
[SourceTitle "EXT 2013"]
[Source "ChessBase"]
[SourceDate "2012.11.22"]
[SourceVersion "1"]
[SourceVersionDate "2012.11.22"]
[SourceQuality "1"]
[WhiteTeam "Rotterdam"]
[BlackTeam "Leiden LSG"]
[WhiteTeamCountry "NED"]
[BlackTeamCountry "NED"]

1. e4 e5 2. Nf3 Nc6 3. Bc4 Nf6 4. Ng5 d5 5. exd5 Na5 6. Bb5+ c6 7. dxc6 bxc6 8. Bd3 Nd5 9. Nf3 Bd6 10. 0-0 0-0 11. Re1 Re8 12. Nc3 f5 13. Bf1 e4 14. Nxd5 cxd5 15. Nd4 Qf6 16. c3 Bd7 17. d3 Kh8 18. Qh5 h6 19. dxe4 dxe4 20. Bd2 Rab8 21. b4 Nc6 22. Bb5 Nxd4 23. Bxd7 Re7 24. cxd4 Rxd7 25. a3 Rc7 26. Rac1 Rbc8 27. Rxc7 Rxc7 28. d5 Qe5 29. Rd1 g6 30. Qxg6 Qxh2+ 31. Kf1 f4 32. Qxd6 Qh1+ 33. Ke2 f3+ 34. Ke3 Qxd1 35. Qd8+ Kh7 36. Qxc7+ Kg6 37. Qd6+ 1-0

[Event "Bethune op 32th"]
[Site "Bethune"]
[Date "2011.12.28"]
[Round "6.2"]
[White "Solleveld, Maarten"]
[Black "Friess, Nicolas"]
[Result "1-0"]
[WhiteElo "2502"]
[BlackElo "2311"]
[PlyCount "43"]
[EventDate "2011.12.26"]
[EventType "swiss"]
[EventRounds "9"]
[EventCountry "FRA"]
[SourceTitle "EXT 2014"]
[Source "ChessBase"]
[SourceDate "2013.11.20"]
[SourceVersion "1"]
[SourceVersionDate "2013.11.20"]
[SourceQuality "1"]

1. c4 c6 2. e4 d5 3. exd5 cxd5 4. cxd5 Nf6 5. Nc3 Nxd5 6. Nf3 Nc6 7. Bb5 e6 8. 0-0 Be7 9. d4 0-0 10. Re1 Ncb4 11. a3 Nxc3 12. bxc3 Nd5 13. Bd3 Nxc3 14. Qc2 Nd5 15. Bxh7+ Kh8 16. Bd3 Qc7 17. Qd1 g6 18. Bh6 Re8 19. Rc1 Qd6 20. Ne5 Kg8 21. Bxg6 fxg6 22. Qd3 1-0

[Event "Bethune op 32th"]
[Site "Bethune"]
[Date "2011.12.27"]
[Round "3.1"]
[White "Aglave, Arnaud"]
[Black "Solleveld, Maarten"]
[Result "0-1"]
[WhiteElo "2100"]
[BlackElo "2502"]
[PlyCount "84"]
[EventDate "2011.12.26"]
[EventType "swiss"]
[EventRounds "9"]
[EventCountry "FRA"]
[SourceTitle "EXT 2014"]
[Source "ChessBase"]
[SourceDate "2013.11.20"]
[SourceVersion "1"]
[SourceVersionDate "2013.11.20"]
[SourceQuality "1"]

1. c4 g6 2. g3 Bg7 3. Bg2 c5 4. Nc3 Nc6 5. Nf3 e6 6. 0-0 Nge7 7. e3 0-0 8. d4 d6 9. b3 cxd4 10. Nxd4 Nxd4 11. exd4 Nf5 12. Ne2 d5 13. Bb2 dxc4 14. bxc4 Bd7 15. Qb3 Rb8 16. a4 Qa5 17. Rfc1 Bc6 18. d5 Bxb2 19. Qxb2 exd5 20. cxd5 Bxd5 21. Qe5 Rfe8 22. Qxd5 Qxd5 23. Bxd5 Rxe2 24. Rc7 Re7 25. Rac1 Kf8 26. Rxe7 Nxe7 27. Be4 b6 28. Rc7 a5 29. Bb7 Rd8 30. Ba6 g5 31. Rb7 Rd6 32. Bc4 h6 33. Kg2 Rf6 34. Rb8+ Kg7 35. Rb7 Ng6 36. Bd5 Ne5 37. Be4 Rd6 38. f3 Nd7 39. Bc6 Nc5 40. Rc7 Ne6 41. Rc8 Rd2+ 42. Kh3 Rc2 0-1

[Event "Bethune op 32th"]
[Site "Bethune"]
[Date "2011.12.26"]
[Round "1.1"]
[White "Haast, Mark"]
[Black "Solleveld, Maarten"]
[Result "0-1"]
[WhiteElo "2255"]
[BlackElo "2502"]
[PlyCount "140"]
[EventDate "2011.12.26"]
[EventType "swiss"]
[EventRounds "9"]
[EventCountry "FRA"]
[SourceTitle "EXT 2014"]
[Source "ChessBase"]
[SourceDate "2013.11.20"]
[SourceVersion "1"]
[SourceVersionDate "2013.11.20"]
[SourceQuality "1"]

1. d4 Nf6 2. Nf3 g6 3. Nc3 d5 4. Bf4 Bg7 5. e3 0-0 6. Be2 c5 7. Ne5 Nc6 8. Qd2 Be6 9. h4 h5 10. 0-0-0 Rc8 11. f3 a6 12. Nxc6 Rxc6 13. Be5 cxd4 14. Qxd4 Qa5 15. g4 Rfc8 16. gxh5 Nxh5 17. Bxg7 Nxg7 18. Bd3 Qc5 19. Qf4 Qd6 20. Qxd6 Rxd6 21. Ne2 Bf5 22. Ng3 Rf6 23. Bxf5 Nxf5 24. Nxf5 Rxf5 25. f4 Kg7 26. Rhg1 e6 27. Rg5 Kf6 28. Rdg1 Rh8 29. R1g4 Rc8 30. Kd2 b5 31. c3 a5 32. a3 Ke7 33. Kd3 Rh8 34. Kd4 Kd6 35. b3 Rc8 36. Kd3 Ra8 37. Rg2 Rh8 38. R2g4 a4 39. b4 Rc8 40. Rg1 Ke7 41. R1g2 Rh8 42. R2g4 Kd6 43. Kd4 Rxg5 44. fxg5 e5+ 45. Kd3 Ke6 46. e4 Rd8 47. exd5+ Rxd5+ 48. Ke2 Rd8 49. Rg1 Rh8 50. Rh1 e4 51. Rf1 Rxh4 52. Rf6+ Ke5 53. Rxf7 Rh2+ 54. Ke3 Rh3+ 55. Kd2 Rd3+ 56. Kc2 Rg3 57. Rb7 Rg2+ 58. Kd1 e3 59. Rxb5+ Ke4 60. Rb8 Rxg5 61. b5 Kd3 62. Rd8+ Kxc3 63. b6 Rb5 64. Rd6 g5 65. Ke2 Kb2 66. Kxe3 Kxa3 67. Rg6 Kb3 68. b7 Rxb7 69. Rxg5 a3 70. Kd2 a2 0-1

[Event "NED-chT 1112"]
[Site "Netherlands"]
[Date "2011.12.17"]
[Round "4.2"]
[White "Houben, Jaap"]
[Black "Solleveld, Maarten"]
[Result "0-1"]
[WhiteElo "2322"]
[BlackElo "2502"]
[PlyCount "74"]
[EventDate "2011.09.17"]
[EventType "team-tourn"]
[EventRounds "9"]
[EventCountry "NED"]
[SourceTitle "EXT 2013"]
[Source "ChessBase"]
[SourceDate "2012.11.22"]
[SourceVersion "1"]
[SourceVersionDate "2012.11.22"]
[SourceQuality "1"]
[WhiteTeam "Utrecht"]
[BlackTeam "Rotterdam"]
[WhiteTeamCountry "NED"]
[BlackTeamCountry "NED"]

1. e4 c5 2. Nc3 e6 3. f4 d5 4. Nf3 Nf6 5. Bb5+ Bd7 6. Bxd7+ Qxd7 7. Ne5 Qc7 8. Qe2 Be7 9. 0-0 0-0 10. d3 Nc6 11. Nxc6 Qxc6 12. e5 Nd7 13. Bd2 f6 14. exf6 Bxf6 15. Rae1 Rae8 16. Qg4 c4 17. dxc4 Qxc4 18. Qe2 Qc6 19. Kh1 Nb6 20. Qd3 Rc8 21. Qh3 Rfe8 22. Re2 Nc4 23. Nd1 Nxd2 24. Rxd2 Qc4 25. Ne3 Qxa2 26. c3 Rxc3 27. Qh5 Rcc8 28. f5 d4 29. Ng4 e5 30. Nxf6+ gxf6 31. Rd3 Re7 32. Qh4 Rf7 33. Rg3+ Kh8 34. Rg6 Qc4 35. Re1 d3 36. Qh3 d2 37. Rd1 Qe2 0-1

[Event "BL2-West 1112"]
[Site "Germany"]
[Date "2011.11.20"]
[Round "3.2"]
[White "Drenchev, Petar"]
[Black "Solleveld, Maarten"]
[Result "0-1"]
[WhiteElo "2506"]
[BlackElo "2502"]
[PlyCount "146"]
[EventDate "2011.10.02"]
[EventType "team-tourn"]
[EventRounds "9"]
[EventCountry "GER"]
[SourceTitle "EXT 2015"]
[Source "ChessBase"]
[SourceDate "2014.11.20"]
[SourceVersion "1"]
[SourceVersionDate "2014.11.20"]
[SourceQuality "1"]
[WhiteTeam "Aachen"]
[BlackTeam "Goettingen Tempo"]
[WhiteTeamCountry "GER"]
[BlackTeamCountry "GER"]

1. Nf3 Nf6 2. c4 g6 3. Nc3 Bg7 4. e4 d6 5. d4 0-0 6. Be2 e5 7. 0-0 Nc6 8. d5 Ne7 9. Ne1 Nd7 10. Bd2 f5 11. f3 Kh8 12. Nd3 c6 13. Rc1 Nf6 14. Qb3 c5 15. a3 Neg8 16. Qc2 Bh6 17. b4 b6 18. Rb1 Qe7 19. bxc5 bxc5 20. Bxh6 Nxh6 21. Qd2 Kg7 22. Rb3 fxe4 23. fxe4 Ba6 24. Nf2 Rf7 25. Nh3 Bc8 26. Ng5 Rf8 27. Nb5 a6 28. Nc3 Nf7 29. Nxf7 Rxf7 30. h3 Ra7 31. Rfb1 Rb7 32. Rxb7 Bxb7 33. Rb6 Bc8 34. Rb8 Qc7 35. Rb3 Qd8 36. Bd1 Qa5 37. Nb1 Qd8 38. Bf3 h6 39. Nc3 Nh7 40. Qe3 Qh4 41. Qf2 Qg5 42. h4 Qc1+ 43. Qf1 Qe3+ 44. Qf2 Qd3 45. Qe2 Qd4+ 46. Kh2 Bd7 47. Nb1 Nf6 48. Rb6 g5 49. hxg5 hxg5 50. Qd2 g4 51. Rxd6 Qxd2 52. Nxd2 gxf3 53. Nxf3 Nxe4 54. Rxa6 Re7 55. d6 Re6 56. Ra7 Nf6 57. Rc7 e4 58. Ng1 e3 59. Rxc5 e2 60. Nxe2 Rxe2 61. Rc7 Kf7 62. c5 Ke6 63. a4 Ra2 64. Ra7 Ne4 65. a5 Nxc5 66. a6 Kxd6 67. Kg1 Bc6 68. Rg7 Rxa6 69. Kh2 Ne6 70. Rg8 Ke5 71. g3 Ra1 72. Kh3 Bf3 73. g4 Kf4 0-1

[Event "Badalona op 37th"]
[Site "Badalona"]
[Date "2011.08.05"]
[Round "5"]
[White "Iturrizaga Bonelli, Eduardo"]
[Black "Solleveld, Maarten"]
[Result "1/2-1/2"]
[WhiteElo "2603"]
[BlackElo "2497"]
[PlyCount "70"]
[EventDate "2011.08.01"]
[EventType "swiss"]
[EventRounds "9"]
[EventCountry "ESP"]
[SourceTitle "CBM 143 Extra"]
[Source "ChessBase"]
[SourceDate "2011.08.29"]
[SourceVersion "1"]
[SourceVersionDate "2011.08.29"]
[SourceQuality "1"]

1. Nf3 Nf6 2. c4 g6 3. Nc3 Bg7 4. d4 0-0 5. g3 d6 6. Bg2 Nc6 7. 0-0 e5 8. d5 Ne7 9. e4 Nd7 10. Ne1 f5 11. Nd3 Nf6 12. Bg5 h6 13. Bxf6 Bxf6 14. f4 exf4 15. Nxf4 Be5 16. exf5 Bxf5 17. Qd2 c6 18. Kh1 Qb6 19. Rae1 Rae8 20. Ne4 g5 21. Nd3 cxd5 22. cxd5 Bg7 23. g4 Bg6 24. Rxf8+ Rxf8 25. h4 gxh4 26. Nf4 Bxe4 27. Rxe4 Qxb2 28. Qxb2 Bxb2 29. Nd3 Bf6 30. Re6 Nc8 31. Be4 Bg5 32. Kg2 Rf6 33. Re8+ Rf8 34. Re6 Rf6 35. Re8+ Rf8 1/2-1/2

[Event "Maastricht Limburg op-A 5th"]
[Site "Maastricht"]
[Date "2011.06.13"]
[Round "3"]
[White "Kampman, Tijmen"]
[Black "Solleveld, Maarten"]
[Result "0-1"]
[WhiteElo "2108"]
[BlackElo "2507"]
[PlyCount "78"]
[EventDate "2011.06.10"]
[EventType "swiss"]
[EventRounds "7"]
[EventCountry "NED"]
[SourceTitle "CBM 142 Extra"]
[Source "ChessBase"]
[SourceDate "2011.06.27"]
[SourceVersion "1"]
[SourceVersionDate "2011.06.27"]
[SourceQuality "1"]

1. e4 c5 2. c4 Nc6 3. Nc3 g6 4. g3 Bg7 5. Bg2 e6 6. Nge2 Nge7 7. 0-0 0-0 8. d3 d6 9. Be3 Nd4 10. Rb1 b6 11. f4 Bb7 12. b4 Qd7 13. Qd2 Rad8 14. Bxd4 cxd4 15. Nb5 Nc6 16. f5 Qe7 17. Qf4 Bf6 18. Qf2 e5 19. Na3 Nb8 20. Nc2 Nd7 21. b5 a6 22. bxa6 Bxa6 23. Nb4 Bb7 24. h4 g5 25. hxg5 Bxg5 26. Qf3 Ra8 27. f6 Nxf6 28. Bh3 h5 29. Bf5 Kg7 30. Kg2 Rh8 31. Rb2 Ra4 32. Rfb1 Ng4 33. Bxg4 hxg4 34. Qf1 Be3 35. Qf5 Bc8 36. Nd5 Qd8 37. Qf1 Rh2+ 38. Kxh2 Qh8+ 39. Kg2 Qh3# 0-1

[Event "Maastricht Limburg op-A 5th"]
[Site "Maastricht"]
[Date "2011.06.13"]
[Round "2"]
[White "Solleveld, Maarten"]
[Black "Lenhardt, Manfred"]
[Result "1-0"]
[WhiteElo "2507"]
[BlackElo "2111"]
[PlyCount "81"]
[EventDate "2011.06.10"]
[EventType "swiss"]
[EventRounds "7"]
[EventCountry "NED"]
[SourceTitle "CBM 142 Extra"]
[Source "ChessBase"]
[SourceDate "2011.06.27"]
[SourceVersion "1"]
[SourceVersionDate "2011.06.27"]
[SourceQuality "1"]

1. e4 e6 2. d4 d5 3. Nc3 Bb4 4. e5 c5 5. a3 Bxc3+ 6. bxc3 Ne7 7. Qg4 Qc7 8. Qxg7 Rg8 9. Qxh7 cxd4 10. Ne2 Nbc6 11. f4 dxc3 12. Qd3 Bd7 13. Qxc3 Nf5 14. Rb1 0-0-0 15. Rg1 d4 16. Qc5 b6 17. Qc4 Kb8 18. g4 Nh4 19. Rg3 Bc8 20. Bd2 Bb7 21. Kf2 Rc8 22. c3 Qd8 23. Qd3 dxc3 24. Qxd8 Rgxd8 25. Bxc3 Ka8 26. Rh3 Ng6 27. Rh7 Rh8 28. Rxh8 Rxh8 29. h3 Rd8 30. Rb2 Nce7 31. Rd2 Nd5 32. Kg3 Rc8 33. Bd4 Rc4 34. Bg2 Ra4 35. Bb2 Kb8 36. Bxd5 Bxd5 37. f5 Ne7 38. Nf4 Re4 39. f6 Re3+ 40. Kh4 Bg2 41. fxe7 1-0

[Event "Maastricht Limburg op-A 5th"]
[Site "Maastricht"]
[Date "2011.06.12"]
[Round "4"]
[White "Solleveld, Maarten"]
[Black "Goudriaan, Etienne"]
[Result "1-0"]
[WhiteElo "2507"]
[BlackElo "2307"]
[PlyCount "69"]
[EventDate "2011.06.10"]
[EventType "swiss"]
[EventRounds "7"]
[EventCountry "NED"]
[SourceTitle "CBM 142 Extra"]
[Source "ChessBase"]
[SourceDate "2011.06.27"]
[SourceVersion "1"]
[SourceVersionDate "2011.06.27"]
[SourceQuality "1"]

1. c4 g6 2. d4 Bg7 3. e4 d6 4. Nc3 Nf6 5. Nf3 0-0 6. Be2 e5 7. Be3 Ng4 8. Bg5 f6 9. Bc1 f5 10. exf5 Bxf5 11. h3 exd4 12. hxg4 dxc3 13. gxf5 cxb2 14. Qd5+ Rf7 15. Bxb2 Bxb2 16. fxg6 hxg6 17. Ng5 Qf6 18. Nxf7 Qxf7 19. Qxb7 Bc3+ 20. Kf1 Bd4 21. Qc8+ Qf8 22. Qxf8+ Kxf8 23. Rd1 Be5 24. f4 Bxf4 25. Bf3 c6 26. Bxc6 Nxc6 27. Rh8+ Ke7 28. Rxa8 Be5 29. Rc8 Kd7 30. Rg8 Ne7 31. Ra8 Nc6 32. c5 Kc7 33. cxd6+ Bxd6 34. Rc1 Kb7 35. Rxc6 1-0

[Event "NED-chT 1011"]
[Site "Netherlands"]
[Date "2011.01.08"]
[Round "5.2"]
[White "Bosch, Jeroen"]
[Black "Solleveld, Maarten"]
[Result "1/2-1/2"]
[WhiteElo "2426"]
[BlackElo "2487"]
[PlyCount "29"]
[EventDate "2010.09.25"]
[EventType "team"]
[EventRounds "9"]
[EventCountry "NED"]
[SourceTitle "EXT 2012"]
[Source "ChessBase"]
[SourceDate "2011.11.24"]
[SourceVersion "1"]
[SourceVersionDate "2011.11.24"]
[SourceQuality "1"]
[WhiteTeam "Calder HMC"]
[BlackTeam "Rotterdam"]
[WhiteTeamCountry "NED"]
[BlackTeamCountry "NED"]

1. d4 Nf6 2. Nf3 g6 3. Nc3 d5 4. Bf4 Bg7 5. e3 0-0 6. Be2 c5 7. Ne5 Nc6 8. 0-0 Bf5 9. h3 Rc8 10. dxc5 Qa5 11. Nxc6 Rxc6 12. Be5 Qxc5 13. Bd3 Bxd3 14. cxd3 e6 15. Qb3 1/2-1/2

[Event "Oberliga Nord W 1011"]
[Site "Germany"]
[Date "2010.11.14"]
[Round "3.1"]
[White "Solleveld, Maarten"]
[Black "Laubsch, Bernd"]
[Result "1/2-1/2"]
[WhiteElo "2489"]
[BlackElo "2221"]
[PlyCount "74"]
[EventDate "2010.10.10"]
[EventType "team-tourn"]
[EventRounds "9"]
[EventCountry "GER"]
[SourceTitle "EXT 2012"]
[Source "ChessBase"]
[SourceDate "2011.11.24"]
[SourceVersion "1"]
[SourceVersionDate "2011.11.24"]
[SourceQuality "1"]
[WhiteTeam "Goettingen Tempo"]
[BlackTeam "Uelzen Post"]
[WhiteTeamCountry "GER"]
[BlackTeamCountry "GER"]

1. c4 Nf6 2. Nc3 d5 3. cxd5 Nxd5 4. g3 g6 5. Bg2 Nb6 6. d3 Bg7 7. Be3 0-0 8. Qd2 Re8 9. Bh6 Bh8 10. h4 N8d7 11. h5 Nf6 12. Nf3 Ng4 13. hxg6 hxg6 14. Bg5 Nd5 15. Ne5 Bxe5 16. Bxd5 c6 17. Bf3 Qb6 18. Bxg4 Bxg4 19. Rh4 Be6 20. Be3 Qa5 21. Bd4 Bxd4 22. Rxd4 Kg7 23. 0-0-0 Rh8 24. Qf4 Rh5 25. g4 Rc5 26. Ra4 Rxc3+ 27. bxc3 Qxc3+ 28. Kb1 Bxa2+ 29. Kxa2 Qc2+ 30. Ka3 Qc3+ 31. Ka2 Qc2+ 32. Ka3 Qxd1 33. Qe5+ Kg8 34. g5 Qc1+ 35. Ka2 Qc2+ 36. Ka3 Qc1+ 37. Ka2 Qc2+ 1/2-1/2

[Event "BL2-Nord 0910"]
[Site "Germany"]
[Date "2010.02.07"]
[Round "6.1"]
[White "Solleveld, Maarten"]
[Black "Warakomski, Tomasz"]
[Result "1/2-1/2"]
[WhiteElo "2489"]
[BlackElo "2480"]
[PlyCount "113"]
[EventDate "2009.10.18"]
[EventType "team-tourn"]
[EventRounds "9"]
[EventCountry "GER"]
[SourceTitle "EXT 2011"]
[Source "ChessBase"]
[SourceDate "2010.11.26"]
[SourceVersion "1"]
[SourceVersionDate "2010.11.26"]
[SourceQuality "1"]
[WhiteTeam "Goettingen"]
[BlackTeam "Delmenhorst"]
[WhiteTeamCountry "GER"]
[BlackTeamCountry "GER"]

1. e4 g6 2. d4 Bg7 3. c4 d6 4. Nc3 e5 5. dxe5 dxe5 6. Qxd8+ Kxd8 7. f4 Nd7 8. Nf3 c6 9. Be2 Nh6 10. fxe5 Re8 11. Bg5+ Kc7 12. Bf4 Nxe5 13. Nxe5 Rxe5 14. 0-0 Be6 15. Rac1 Kd8 16. Bxe5 Bxe5 17. Nd1 Ke7 18. Nf2 Rd8 19. Rcd1 Bxb2 20. Rxd8 Kxd8 21. Rb1 Bd4 22. Rxb7 Bb6 23. Rb8+ Kc7 24. Rh8 Ng4 25. Bxg4 Bxg4 26. Rxh7 Be6 27. g4 Bxc4 28. a3 Kd6 29. Kg2 Bd4 30. Rh3 Be2 31. Nd1 Bxg4 32. Rg3 Be6 33. Kf3 a5 34. Ke2 Be5 35. Rg2 Kc5 36. Kd3 Bc4+ 37. Ke3 a4 38. Rc2 Bd4+ 39. Kd2 Kb5 40. Nc3+ Bxc3+ 41. Kxc3 c5 42. Rd2 Be6 43. Rd6 Bb3 44. h4 Be6 45. Rd8 Kc6 46. Kd3 Ba2 47. Ra8 Bb3 48. Rb8 Kc7 49. Rf8 Kc6 50. Ke3 Be6 51. Rb8 Kc7 52. Rb1 Bb3 53. Kf4 Kd6 54. Rc1 c4 55. Rc3 Ke6 56. Rc1 Kd6 57. Rc3 1/2-1/2

[Event "NED-chT 0910"]
[Site "Netherlands"]
[Date "2009.11.21"]
[Round "3.2"]
[White "Van der Stricht, Geert"]
[Black "Solleveld, Maarten"]
[Result "0-1"]
[WhiteElo "2383"]
[BlackElo "2489"]
[PlyCount "79"]
[EventDate "2009.09.26"]
[EventType "team"]
[EventRounds "9"]
[EventCountry "NED"]
[SourceTitle "EXT 2011"]
[Source "ChessBase"]
[SourceDate "2010.11.26"]
[SourceVersion "1"]
[SourceVersionDate "2010.11.26"]
[SourceQuality "1"]
[WhiteTeam "Calder HMC"]
[BlackTeam "Rotterdam Schrijvers"]
[WhiteTeamCountry "NED"]
[BlackTeamCountry "NED"]

1. d4 Nf6 2. c4 g6 3. Nc3 Bg7 4. e4 d6 5. Be2 0-0 6. Nf3 e5 7. 0-0 Nc6 8. d5 Ne7 9. b4 a5 10. Ba3 axb4 11. Bxb4 b6 12. a4 Ne8 13. Nb5 f5 14. Nd2 Bh6 15. Bf3 Nf6 16. a5 Bxd2 17. Qxd2 fxe4 18. Be2 Nf5 19. axb6 Rxa1 20. Rxa1 cxb6 21. Ra8 e3 22. fxe3 Ne4 23. Qe1 Nxe3 24. Bd3 Nxg2 25. Qxe4 Qg5 26. Kh1 Nh4 27. Nxd6 Nf3 28. Ra1 Qh5 29. Qe2 Bg4 30. Ne4 Ng5 31. Bxf8 Bf3+ 32. Kg1 Nh3+ 33. Kf1 Bxe2+ 34. Ke1 Kxf8 35. Ra8+ Kg7 36. Ra7+ Kh6 37. Rxh7+ Kxh7 38. Nf6+ Kg7 39. Nxh5+ Bxh5 40. d6 0-1